[Event "Cup HD Bank (open)"]
[Site "masterchessopen.com Ho Chi Minh City (Vietnam)"]
[Date "2012.03.02"]
[Round "2"]
[White "Olay Edgar Reggie (PHI)"]
[Black "Nguyen Sy Hung (VIE)"]
[Result "1-0"]
[WhiteElo "2330"]
[BlackElo "2043"]

1.d4 g6 2.c4 Bg7 3.Nc3 d6 4.e4 Nf6 5.Nf3 O-O 6.Be2 e5 7.O-O Nc6 8.d5 Ne7 9.Ne1
Ne8 10.Nd3 f5 11.f3 f4 12.Bd2 g5 13.g4 fxg3 14.hxg3 Ng6 15.Rc1 Rf7 16.c5 Bf8
17.cxd6 cxd6 18.Rf2 Rg7 19.Rh2 Be7 20.Kh1 Rf7 21.Be3 Qd7 22.Nf2 Qd8 23.Qd2 Rg7
24.a4 Bd7 25.Bb5 Bxb5 26.Nxb5 a6 27.Nc3 Rf7 28.Ng4 Rxf3 29.Qg2 Rxe3 30.Nxe3
Rc8 31.Rf1 Nf6 32.Qh3 Nf8 33.Nf5 g4 34.Qh6 Kf7 35.Qg7+ Ke8 {#r} 1-0

[Event "Cup Knut Boeckman (open)"]
[Site "masterchessopen.com Oslo (Norway)"]
[Date "2009.04.07"]
[Round "3"]
[White "Valla Martin (NOR)"]
[Black "Skrondal Inge Sandstad (NOR)"]
[Result "0-1"]
[WhiteElo "2077"]
[BlackElo "2229"]

1.d4 Nf6 2.c4 g6 3.Nc3 Bg7 4.e4 d6 5.Nf3 O-O 6.Be2 e5 7.O-O Nc6 8.d5 Ne7 9.Ne1
Ne8 10.Be3 f5 11.f3 f4 12.Bf2 g5 13.c5 h5 14.a4 Nf6 15.a5 g4 16.cxd6 cxd6
17.Nb5 Ng6 18.Bxa7 g3 19.Bb6 Qe7 20.Nc7 Nh7 21.Nxa8 Qh4 22.h3 Bxh3 23.gxh3 Ng5
24.Nd3 Qxh3 25.Rf2 Nh4 26.Ne1 Rxa8 27.Rg2 Nxg2 28.Nxg2 Qh2+ 29.Kf1 Qh1+ 30.Bg1
Nh3 31.Ke1 {#R} 0-1

[Event "Cup Russia"]
[Site "masterchessopen.com Krasnoyarsk (Russia)"]
[Round "8"]
[White "Kiriakov Petr (RUS)"]
[Black "Temirbaev Serik (KAZ)"]
[Result "1-0"]
[WhiteElo "2545"]
[BlackElo "2475"]

1.d4 Nf6 2.c4 g6 3.Nc3 Bg7 4.e4 d6 5.Nf3 O-O 6.Be2 e5 7.O-O Nc6 8.d5 Ne7 9.Ne1
Ne8 10.Be3 f5 11.f3 f4 12.Bf2 g5 13.c5 h5 14.cxd6 cxd6 15.a4 Ng6 16.a5 Rf7
17.Kh1 Bf8 18.Nb5 a6 19.Nc3 Bd7 20.Na4 Bxa4 21.Qxa4 Nf6 22.Rc1 g4 23.Bb6 Qb8
24.Nd3 Rg7 25.Rc4 Nh4 26.Rfc1 gxf3 27.Bxf3 Nxf3 28.gxf3 Qe8 29.Qxe8 Rxe8
30.Rc8 {#r} 1-0

[Event "Cup Russia (open)"]
[Site "masterchessopen.com Ekaterinburg (Russia)"]
[Round "6"]
[White "Terentiev Vitaly G (RUS)"]
[Black "Andreev V V (RUS)"]
[Result "0-1"]
[WhiteElo "2410"]
[BlackElo "2085"]

1.d4 Nf6 2.c4 g6 3.Nc3 d6 4.e4 Bg7 5.Nf3 O-O 6.Be2 e5 7.O-O Nc6 8.d5 Ne7 9.Ne1
Ne8 10.Nd3 c6 11.b4 f5 12.f3 b5 13.Nf2 bxc4 14.Bxc4 Kh8 15.dxc6 Nxc6 16.Bd5
Bb7 17.b5 Na5 18.Bxb7 Nxb7 19.Nd5 Nc5 20.Be3 Rc8 21.a4 Nf6 22.Bg5 Ne6 23.Bxf6
Bxf6 24.a5 Nd4 25.Qd3 Bh4 26.b6 Rc2 27.bxa7 Qg5 28.g4 fxg4 29.f4 Qh5 30.Nd1
Bg3 31.Qxc2 Nxc2 32.hxg3 Nxa1 33.Kg2 exf4 34.Nxf4 Qxa5 {#R} 0-1

[Event "Cup Russia (open)"]
[Site "masterchessopen.com Smolensk (Russia)"]
[Round "7"]
[White "Gutov Andrey (RUS)"]
[Black "Zaitsev Igor A (RUS)"]
[Result "0-1"]
[WhiteElo "2406"]
[BlackElo "2475"]

1.d4 Nf6 2.c4 g6 3.Nc3 Bg7 4.e4 d6 5.Nf3 O-O 6.Be2 e5 7.O-O Nc6 8.d5 Ne7 9.Ne1
c6 10.Rb1 b5 11.b4 bxc4 12.dxc6 Nxc6 13.Bxc4 Nd4 14.Be3 Bb7 15.Bd5 Bxd5
16.exd5 Rc8 17.Rc1 Rc4 18.Nd3 Qb6 19.Qd2 Qb7 20.Bg5 Rxc3 {#R} 0-1

[Event "Cup Savaria (b)"]
[Site "masterchessopen.com Szombathely (Hungary)"]
[Date "2011.01.06"]
[Round "4"]
[White "Kaczur Florian (HUN)"]
[Black "Gaal Ede (HUN)"]
[Result "1-0"]
[WhiteElo "2143"]
[BlackElo "2058"]

1.d4 g6 2.c4 Nf6 3.Nc3 Bg7 4.e4 d6 5.Be2 O-O 6.Nf3 e5 7.O-O Nc6 8.d5 Ne7 9.Ne1
Ne8 10.Be3 f5 11.f3 Kh8 12.c5 Ng8 13.cxd6 cxd6 14.a4 Bh6 15.Bf2 Ngf6 16.Qc2
Nh5 17.g3 Nef6 18.Bd3 fxe4 19.Bxe4 Bh3 20.Ng2 Rc8 21.Qb3 b6 22.Nb5 Qd7 23.Qa3
Nxe4 24.fxe4 Qg4 25.Rae1 Rf3 26.Qxd6 Bxg2 27.Kxg2 Nf4+ 28.Kh1 Nh3 29.Qxe5+ Bg7
30.Qe6 Nxf2+ 31.Kg2 Qh5 32.Qxc8+ {#r} 1-0

[Event "Cup Serbia (team)"]
[Site "masterchessopen.com Sombor (Serbia)"]
[Date "2009.05.23"]
[Round "6"]
[White "Mihic Bojan (SRB)"]
[Black "Rajevic Gavrilo (SRB)"]
[Result "1-0"]
[WhiteElo "2405"]
[BlackElo "2275"]

1.Nf3 Nf6 2.c4 g6 3.Nc3 Bg7 4.e4 d6 5.d4 O-O 6.Be2 e5 7.O-O Nc6 8.d5 Ne7 9.Ne1
Ne8 10.Be3 f5 11.f3 c5 12.dxc6 bxc6 13.b4 Be6 14.Qb3 fxe4 15.fxe4 Rxf1+
16.Bxf1 Nf6 17.h3 Qf8 18.Nf3 Bh6 19.Ng5 Kh8 20.Be2 Bg8 21.Rf1 Qg7 22.Qd1 d5
23.Qc1 d4 24.Nf7+ Qxf7 25.Bxh6 Qe6 26.Qg5 Ne8 27.Bg4 Qd6 28.c5 Qc7 29.Rf8 {#r}
1-0

[Event "Czech League 1995/96 (2nd) (a)"]
[Site "masterchessopen.com Czech Republic"]
[Round "2"]
[White "Pokorny Tomas (CZE)"]
[Black "Kourek Josef (CZE)"]
[Result "1-0"]
[WhiteElo "2241"]
[BlackElo "2136"]

1.d4 Nf6 2.c4 g6 3.Nc3 Bg7 4.e4 d6 5.Nf3 O-O 6.Be2 e5 7.O-O Nc6 8.d5 Ne7 9.Ne1
Ne8 10.Be3 f5 11.f3 Nf6 12.a4 f4 13.Bf2 g5 14.c5 Rf7 15.a5 h5 16.cxd6 cxd6
17.Nb5 g4 18.Bxa7 g3 19.Bb6 gxh2+ 20.Kh1 Qf8 21.Nxd6 Nexd5 22.Nxf7 Nxb6
23.axb6 Rxa1 24.Qxa1 Qxf7 25.Nd3 h4 26.Qa8 Qe8 27.Rc1 Bd7 28.Qxe8+ Nxe8 29.Nc5
Bc6 30.Ne6 Bf6 31.Rxc6 {#r} 1-0

[Event "Czech League 1995/96 (2nd) (c)"]
[Site "masterchessopen.com Czech Republic"]
[Round "8"]
[White "Koutsin Sergey (UKR)"]
[Black "Pisk Petr (CZE)"]
[Result "1-0"]
[WhiteElo "2435"]
[BlackElo "2305"]

1.d4 Nf6 2.Nf3 g6 3.c4 Bg7 4.Nc3 O-O 5.e4 d6 6.Be2 e5 7.O-O Nc6 8.d5 Ne7 9.Ne1
Ne8 10.Be3 f5 11.f3 f4 12.Bf2 h5 13.c5 g5 14.a4 Rf6 15.cxd6 cxd6 16.a5 Rg6
17.Nb5 a6 18.Bb6 Qd7 19.Na7 g4 20.Rc1 Bh6 21.Kh1 h4 22.Rc3 Nf6 23.Rc7 Qe8
24.Nxc8 Rxc8 25.Rxb7 h3 26.fxg4 hxg2+ 27.Nxg2 Nxe4 28.Qd3 f3 29.Bxf3 Nd2
30.Rxe7 Qxe7 31.Qxg6+ Bg7 32.Be4 Nxf1 33.Qh7+ Kf7 34.Qf5+ Qf6 35.Qd7+ {#r} 1-0

[Event "Czech League 1998/99 (2nd) (a)"]
[Site "masterchessopen.com Czech Republic"]
[Round "0"]
[White "Skorpik Martin (CZE)"]
[Black "Hajek Lukas (CZE)"]
[Result "1-0"]
[WhiteElo "2149"]
[BlackElo "2102"]

1.d4 Nf6 2.c4 g6 3.Nc3 Bg7 4.e4 d6 5.Nf3 O-O 6.Be2 e5 7.O-O Nc6 8.d5 Ne7 9.Ne1
Ne8 10.Nd3 f5 11.f3 f4 12.g4 fxg3 13.hxg3 c6 14.Be3 Nf6 15.b4 h5 16.Kg2 Nh7
17.Rh1 Qe8 18.Rc1 Nf6 19.Nf2 Qd8 20.Qb3 Qc7 21.c5 cxd5 22.Nb5 Qd8 23.cxd6 Nc6
24.exd5 Nd4 25.Nxd4 exd4 26.Bxd4 b6 27.Bd3 g5 28.Ne4 Nxe4 29.Bxg7 Qxd6 30.Bxe4
Kxg7 31.Rc6 Qe5 32.Rxh5 Rf6 33.Qe3 {#r} 1-0

[Event "Czech League 2005/06 (2nd) (a)"]
[Site "masterchessopen.com Czech Republic"]
[Date "2005.11.20"]
[Round "3"]
[White "Trmota Zdenek (CZE)"]
[Black "Havlik Jan (CZE)"]
[Result "0-1"]
[WhiteElo "2164"]
[BlackElo "1929"]

1.d4 Nf6 2.Nf3 g6 3.c4 Bg7 4.Nc3 O-O 5.e4 d6 6.Be2 e5 7.O-O Nc6 8.d5 Ne7 9.Ne1
Ne8 10.Be3 f5 11.f3 f4 12.Bf2 g5 13.a4 h5 14.c5 Rf6 15.cxd6 Nxd6 16.Nb5 Rg6
17.Nxa7 Bd7 18.Nb5 g4 19.Bh4 g3 20.hxg3 fxg3 21.Nxd6 cxd6 22.Nd3 Bf6 23.Bxf6
Rxf6 24.Qd2 Rg6 25.f4 Nf5 26.Ne1 Nd4 27.Bd1 Qh4 28.Nf3 Nxf3+ 29.gxf3 g2 {#R}
0-1

[Event "Czech League 2007/08 (2nd) (a)"]
[Site "masterchessopen.com Czech Republic"]
[Date "2008.03.03"]
[Round "9"]
[White "Zarsky Kamil (CZE)"]
[Black "Blecha Milan (CZE)"]
[Result "0-1"]
[WhiteElo "2053"]
[BlackElo "2164"]

1.d4 Nf6 2.c4 g6 3.Nc3 Bg7 4.e4 d6 5.Be2 O-O 6.Nf3 e5 7.O-O Nc6 8.d5 Ne7 9.Ne1
Ne8 10.Be3 f5 11.f3 f4 12.Bf2 g5 13.Nd3 Ng6 14.c5 Rf7 15.Rc1 Bf8 16.Qb3 Rg7
17.cxd6 cxd6 18.Nb5 a6 19.Na7 Bd7 20.Nc6 bxc6 21.dxc6+ Kh8 22.cxd7 Qxd7
23.Rfd1 g4 24.Nc5 Qe7 25.Ne6 gxf3 26.Bxf3 Rg8 27.Nxf8 Nxf8 28.Kf1 Ne6 29.Rc6
Ng5 30.Rb6 Nxf3 31.Qxf3 Qc7 32.Qe2 Qg7 33.Qf3 Qc7 34.Qe2 Qg7 35.Qf3 {#R} 0-1

[Event "Czech League 2007/08 (krajsky prebor)"]
[Site "masterchessopen.com Czech Republic"]
[Date "2007.11.11"]
[Round "2"]
[White "Caletka Radomir (CZE)"]
[Black "Maj Svatopluk"]
[Result "1-0"]
[WhiteElo "2236"]
[BlackElo "1963"]

1.d4 Nf6 2.Nf3 g6 3.c4 Bg7 4.Nc3 O-O 5.e4 d6 6.Be2 e5 7.O-O Nc6 8.d5 Ne7 9.Ne1
Ne8 10.Nd3 f5 11.Bd2 f4 12.Rc1 g5 13.c5 Kh8 14.cxd6 cxd6 15.Nb5 Ng6 16.f3 h5
17.Nf2 Rf7 18.Rc3 Bf8 19.a4 Rh7 20.Qc2 Bd7 21.Nc7 Nxc7 22.Rxc7 Rg7 23.b3 Rc8
24.Rxc8 Bxc8 25.Rc1 Ne7 26.Qc7 Qxc7 27.Rxc7 g4 28.Bb4 Rg6 29.Nd3 a6 30.Nxe5
dxe5 31.Bxe7 Bxe7 32.Rxe7 gxf3 33.Bxf3 {#r} 1-0

[Event "Czech League 2008/09 (2nd) (c)"]
[Site "masterchessopen.com Czech Republic"]
[Date "2009.04.05"]
[Round "11"]
[White "Fojtu Jan (CZE)"]
[Black "Doring Robert (CZE)"]
[Result "0-1"]
[WhiteElo "2093"]
[BlackElo "2187"]

1.e4 d6 2.d4 g6 3.c4 Bg7 4.Nc3 Nf6 5.Nf3 O-O 6.Be2 Nc6 7.O-O e5 8.d5 Ne7 9.Ne1
Ne8 10.Be3 f5 11.f3 f4 12.Bf2 g5 13.b4 Ng6 14.Rc1 Rf7 15.c5 Bf8 16.cxd6 Bxd6
17.Qb3 h5 18.Nb5 g4 19.fxg4 hxg4 20.Nxa7 Bd7 21.a4 g3 22.hxg3 fxg3 23.Qxg3 Rg7
24.Qe3 Nf4 25.Nb5 Bxb4 26.Bc4 Nd6 27.Bg3 Ba5 28.Qb3 Bb6+ 29.Rf2 Nxe4 30.d6+
Kh8 31.Bxf4 Bxf2+ 32.Kf1 exf4 33.Nf3 Be3 {#R} 0-1

[Event "Czech League 2009/10 (1st) (juniors)"]
[Site "masterchessopen.com Czech Republic"]
[Date "2010.04.24"]
[Round "9"]
[White "Krusina Patrik"]
[Black "Lhotka Jiri"]
[Result "0-1"]
[WhiteElo "1860"]
[BlackElo "1750"]

1.d4 Nf6 2.c4 g6 3.Nf3 Bg7 4.Nc3 d6 5.e4 O-O 6.Be2 e5 7.O-O Nc6 8.d5 Ne7 9.Ne1
Ne8 10.f3 f5 11.Be3 f4 12.Bf2 g5 13.c5 Rf7 14.Rc1 Ng6 15.b4 Bf8 16.a4 h5 17.a5
Nf6 18.Nd3 g4 19.b5 g3 20.hxg3 fxg3 21.Bxg3 h4 22.Bf2 Nh5 23.b6 Qg5 24.Kh2
Ngf4 25.Rg1 Rg7 26.bxc7 Nxd3 27.Bxd3 Qf4+ 28.Kh1 Ng3+ 29.Bxg3 hxg3 30.Re1 Qh4+
31.Kg1 Qh2+ 32.Kf1 Qh1+ 33.Ke2 Qxg2+ {#R} 0-1

[Event "Czech League 2009/10 (1st) West"]
[Site "masterchessopen.com Czech Republic"]
[Date "2009.11.15"]
[Round "3"]
[White "Bednar Marcel (CZE)"]
[Black "Boleslav Petr (CZE)"]
[Result "1-0"]
[WhiteElo "2154"]
[BlackElo "2060"]

1.d4 Nf6 2.Nf3 g6 3.c4 Bg7 4.Nc3 O-O 5.e4 d6 6.Be2 e5 7.O-O Nc6 8.d5 Ne7 9.Ne1
Ne8 10.Be3 f5 11.f3 f4 12.Bf2 g5 13.g4 fxg3 14.hxg3 Ng6 15.Be3 h5 16.Nd3 Bf6
17.b4 Qd7 18.Rf2 g4 19.fxg4 h4 20.g5 hxg3 21.Rg2 Nf4 22.Bxf4 exf4 23.gxf6 Rxf6
24.Qd2 Qh3 25.Nxf4 Qh4 26.Nh5 Rg6 27.Rf1 Bh3 28.Rf4 Qe7 29.Rxg3 Rxg3+ 30.Nxg3
{#r} 1-0

[Event "Czech League 2009/10 (2nd) (a)"]
[Site "masterchessopen.com Czech Republic"]
[Date "2010.03.14"]
[Round "9"]
[White "Simunek Ales (CZE)"]
[Black "Jonas Vaclav (CZE)"]
[Result "1-0"]
[WhiteElo "2202"]
[BlackElo "1985"]

1.d4 Nf6 2.Nf3 g6 3.c4 Bg7 4.Nc3 O-O 5.e4 d6 6.Be2 e5 7.O-O Nc6 8.d5 Ne7 9.Ne1
a5 10.Nd3 Ne8 11.c5 f5 12.cxd6 cxd6 13.Bd2 fxe4 14.Nxe4 Nf6 15.Nxf6+ Bxf6
16.Qb3 a4 17.Qc4 Bd7 18.Nb4 Rc8 19.Qd3 Rc5 20.Be3 Bf5 21.Qd1 Ra5 22.Qd2 Be4
23.f3 Bf5 24.Rac1 Ra8 25.a3 Qd7 26.g4 {#r} 1-0

[Event "Czech League 2009/10 (2nd) (a)"]
[Site "masterchessopen.com Czech Republic"]
[Date "2010.03.28"]
[Round "10"]
[White "Simunek Filip (CZE)"]
[Black "Stolz Lubor"]
[Result "1-0"]
[WhiteElo "2138"]
[BlackElo "1923"]

1.d4 Nf6 2.Nf3 g6 3.c4 Bg7 4.Nc3 d6 5.e4 Nc6 6.Be2 O-O 7.O-O e5 8.d5 Ne7 9.Ne1
a6 10.Be3 b6 11.b4 Nd7 12.Nd3 f5 13.f3 c5 14.dxc6 Nxc6 15.c5 dxc5 16.bxc5 Nd4
17.Rc1 Bb7 18.Nd5 Bxd5 19.exd5 bxc5 20.Nxc5 Nxc5 21.Rxc5 Qb6 22.Bxd4 exd4
23.Rc6 Qa5 24.Qc2 Qa3 25.Bd3 Rfe8 26.Rb1 Qa5 27.Rc5 Qd8 28.Qc4 Kh8 29.Rc7 Be5
30.d6 Qxd6 31.Rbb7 Re6 32.Rc8+ Re8 33.Qf7 Bxh2+ 34.Kf1 {#r} 1-0

[Event "Czech League 2011/12 (2nd) (c)"]
[Site "masterchessopen.com Czech Republic"]
[Date "2012.03.25"]
[Round "10"]
[White "Moravec Michal (CZE)"]
[Black "Vinklarek Ondrej (CZE)"]
[Result "1-0"]
[WhiteElo "2296"]
[BlackElo "2154"]

1.Nf3 Nf6 2.c4 g6 3.Nc3 Bg7 4.e4 d6 5.d4 O-O 6.Be2 e5 7.O-O Nc6 8.d5 Ne7 9.Ne1
Ne8 10.Nd3 f5 11.f3 f4 12.c5 g5 13.Bd2 h5 14.Be1 Rf7 15.a4 Bf8 16.a5 Rg7
17.Kh1 g4 18.Bh4 Qd7 19.a6 c6 20.Qb3 Kh7 21.cxd6 Ng6 22.Bf2 Qxd6 23.axb7 Rxb7
24.Qa4 Bd7 25.Nc5 Rc7 26.Nxd7 Qxd7 27.dxc6 Qe7 28.Nd5 Qg5 29.Nxc7 Nxc7 30.Qb3
gxf3 31.gxf3 {#r} 1-0

[Event "Extraliga 2008/09"]
[Site "masterchessopen.com Slovakia"]
[Date "2008.11.30"]
[Round "4"]
[White "Dydyshko Viacheslav (BLR)"]
[Black "Csolto Robert (SVK)"]
[Result "1-0"]
[WhiteElo "2584"]
[BlackElo "2315"]

1.d4 Nf6 2.c4 g6 3.Nc3 Bg7 4.e4 d6 5.Nf3 O-O 6.Be2 e5 7.O-O Nc6 8.d5 Ne7 9.Ne1
Ne8 10.Nd3 f5 11.f4 c6 12.fxe5 fxe4 13.Rxf8+ Kxf8 14.Nf2 cxd5 15.Nxd5 Nxd5
16.Qxd5 Bxe5 17.Bh6+ Bg7 18.Rf1 Bf5 19.Bxg7+ Kxg7 20.g4 Bd7 21.Nxe4 Qe7
22.Qxb7 Rc8 23.Qxa7 Kg8 24.Qd4 Bc6 25.Bf3 Rc7 26.a4 h6 27.a5 Kh7 28.a6 Qe6
29.a7 {#r} 1-0

[Event "It"]
[Site "masterchessopen.com Aarhus (Denmark)"]
[Round "8"]
[White "Berntsen Sheila Barth (NOR)"]
[Black "Sogaard Soren (DEN)"]
[Result "0-1"]
[WhiteElo "2125"]
[BlackElo "2335"]

1.d4 Nf6 2.Nf3 g6 3.c4 Bg7 4.Nc3 O-O 5.e4 d6 6.Be2 e5 7.O-O Nc6 8.d5 Ne7 9.Ne1
Ne8 10.Nd3 f5 11.Bd2 Kh8 12.f3 f4 13.c5 Rg8 14.cxd6 cxd6 15.g4 h5 16.Nf2 hxg4
17.fxg4 Bf6 18.Rc1 Kg7 19.Nb5 Rh8 20.Rc3 a6 21.Na3 Bh4 22.Be1 b5 23.Nc2 Qb6
24.Kg2 Nf6 25.Bf3 Bd7 26.Ra3 Rh7 27.h3 Rhh8 28.Ba5 Qa7 29.Rc3 Rac8 30.Qd3 Bxf2
31.Rxf2 Rxh3 {#R} 0-1

[Event "It"]
[Site "masterchessopen.com Albena (Bulgaria)"]
[Round "0"]
[White "Schmidt Wlodzimierz (POL)"]
[Black "Mestrovic Zvonimir (SLO)"]
[Result "1-0"]
[WhiteElo "2500"]
[BlackElo "2369"]

1.Nf3 Nf6 2.c4 g6 3.Nc3 Bg7 4.d4 O-O 5.e4 d6 6.Be2 e5 7.O-O Nc6 8.d5 Ne7 9.Ne1
Kh8 10.Nd3 Neg8 11.c5 Ne8 12.Bd2 f5 13.f3 Rf7 14.Rc1 f4 15.Nb5 h5 16.Qb3 g5
17.cxd6 cxd6 18.Nf2 Bf8 19.Rc2 Nh6 20.h3 g4 21.fxg4 hxg4 22.hxg4 Rh7 23.Rfc1
a6 24.Nc7 Nxc7 25.Ba5 Qh4 26.Rxc7 Rxc7 27.Rxc7 Nxg4 28.Bxg4 Bxg4 29.Qxb7 Re8
30.Nxg4 {#r} 1-0

[Event "It"]
[Site "masterchessopen.com Augustow (Poland)"]
[Round "4"]
[White "Maciejewski Andrzej (POL)"]
[Black "Terzic Safet (BIH)"]
[Result "0-1"]
[WhiteElo "2334"]
[BlackElo "2265"]

1.d4 Nf6 2.c4 d6 3.Nc3 g6 4.e4 Bg7 5.Nf3 O-O 6.Be2 e5 7.O-O Nc6 8.d5 Ne7 9.Ne1
Ne8 10.Be3 f5 11.f3 Kh8 12.c5 Ng8 13.b4 Ngf6 14.Qb3 f4 15.Bf2 g5 16.a4 Rg8
17.c6 b6 18.Kh1 a6 19.a5 {#R} 0-1

[Event "It"]
[Site "masterchessopen.com Azov (Russia)"]
[Round "1"]
[White "Zamfirescu Bogdan-Ionut (ROM)"]
[Black "Iskusnyh Sergei (RUS)"]
[Result "0-1"]
[WhiteElo "2107"]
[BlackElo "2430"]

1.d4 Nf6 2.c4 g6 3.Nc3 Bg7 4.e4 d6 5.Nf3 O-O 6.Be2 e5 7.O-O Nc6 8.d5 Ne7 9.Ne1
Ne8 10.Nd3 f5 11.Bd2 Kh8 12.f3 Ng8 13.c5 f4 14.Qc2 h5 15.cxd6 cxd6 16.Rfc1 g5
17.Nf2 Nh6 18.h3 Bf6 19.a4 g4 20.fxg4 hxg4 21.Bxg4 Nxg4 22.Nxg4 Bxg4 23.hxg4
Bh4 24.Be1 Bg3 25.Bxg3 fxg3 26.Rf1 Nf6 27.Qb3 Qc7 28.Rf3 Qc5+ 29.Kh1 Nxg4
30.Rxg3 Nf2+ 31.Kh2 Rf7 32.Nd1 Rh7+ 33.Rh3 Nxh3 34.gxh3 Rf8 {#R} 0-1

[Event "It"]
[Site "masterchessopen.com Barcelona (Spain)"]
[Round "2"]
[White "Pares Vives Jose (ESP)"]
[Black "Gallego Jimenez Victoriano (ESP)"]
[Result "1-0"]
[WhiteElo "2375"]
[BlackElo "2355"]

1.d4 Nf6 2.Nf3 g6 3.c4 Bg7 4.Nc3 d6 5.e4 O-O 6.Be2 e5 7.O-O Nc6 8.d5 Ne7 9.Ne1
Ne8 10.Nd3 f5 11.Bd2 Kh8 12.f3 f4 13.Rc1 h5 14.c5 g5 15.cxd6 cxd6 16.Nf2 Rf6
17.h3 Rg6 18.Qb3 Ng8 19.Rc2 Nh6 20.Nb5 g4 21.fxg4 hxg4 22.hxg4 Nxg4 23.Rxc8
{#r} 1-0

[Event "It"]
[Site "masterchessopen.com Budapest (Hungary)"]
[Round "5"]
[White "Bordas Gyula (HUN)"]
[Black "Goczo Melinda (HUN)"]
[Result "1-0"]
[WhiteElo "2165"]
[BlackElo "2185"]

1.c4 g6 2.Nc3 Bg7 3.e4 d6 4.d4 Nf6 5.Be2 O-O 6.Nf3 e5 7.O-O Nc6 8.d5 Ne7 9.Ne1
Ne8 10.f4 c5 11.fxe5 dxe5 12.Be3 b6 13.a3 Bd7 14.b4 Qc7 15.bxc5 bxc5 16.Nd3
Nd6 17.Nxc5 f5 18.Rc1 Rac8 19.Nb5 Qb6 20.Nxd6 Rxc5 21.Nb7 Qxb7 22.Bxc5 Re8
23.Bxe7 Rxe7 24.c5 Rf7 25.Kh1 Be8 26.c6 Qb6 27.exf5 gxf5 28.Bh5 Rf8 29.Bxe8
Rxe8 30.d6 Bf6 31.d7 {#r} 1-0

[Event "It"]
[Site "masterchessopen.com Kislovodsk (Russia)"]
[Round "0"]
[White "Kluger Gyula (HUN)"]
[Black "Ciocaltea Viktor (ROM)"]
[Result "0-1"]
[WhiteElo "2250"]
[BlackElo "2420"]

1.d4 Nf6 2.c4 g6 3.Nc3 Bg7 4.e4 d6 5.Nf3 O-O 6.Be2 e5 7.O-O Nc6 8.d5 Ne7 9.Ne1
Ne8 10.Nd3 f5 11.f4 c6 12.fxe5 dxe5 13.Bg5 h6 14.Bxe7 Qxe7 15.dxc6 bxc6 16.Qa4
Bd7 17.Rad1 Nc7 18.Qa5 Be8 19.Qc5 Qf6 20.exf5 gxf5 21.Ne4 Qh4 22.Ng3 Ne6
23.Qa5 Nd4 24.Rf2 Rd8 25.Bf1 e4 26.Nxf5 Nxf5 27.Rxf5 exd3 28.Rxf8+ Bxf8 29.Qf5
Qxc4 30.Bxd3 Qc5+ 31.Qxc5 Bxc5+ 32.Kf1 Kg7 33.Rc1 Ba3 {#R} 0-1

[Event "It"]
[Site "masterchessopen.com Osijek (Croatia)"]
[Round "11"]
[White "Kozul Zdenko (CRO)"]
[Black "Cvitan Ognjen (CRO)"]
[Result "1-0"]
[WhiteElo "2540"]
[BlackElo "2550"]

1.d4 Nf6 2.Nf3 g6 3.c4 Bg7 4.Nc3 O-O 5.e4 d6 6.Be2 e5 7.O-O Nc6 8.d5 Ne7 9.Ne1
Ne8 10.Nd3 f5 11.f4 exf4 12.Nxf4 Nf6 13.exf5 Nxf5 14.g4 Ne7 15.Nb5 c6 16.dxc6
bxc6 17.Nxd6 Bxg4 18.c5 Qd7 19.Re1 Ned5 20.Nxd5 cxd5 21.Bg5 Bxe2 22.Rxe2 Qc6
23.Rc1 Ng4 24.Re7 Nf6 25.b4 a6 26.Qe2 Ne4 27.Nxe4 dxe4 28.Qxe4 Qa4 29.Rxg7+
Kxg7 30.Qb7+ Kh8 31.Bh6 Rg8 32.Bd2 {#r} 1-0

[Event "It"]
[Site "masterchessopen.com San Antonio de Padua (Argentina)"]
[Round "1"]
[White "Cabrera Pando Ramiro (ARG)"]
[Black "Sapienza Julian (ARG)"]
[Result "0-1"]
[WhiteElo "2106"]
[BlackElo "2271"]

1.d4 Nf6 2.c4 g6 3.Nc3 Bg7 4.e4 O-O 5.Nf3 d6 6.Be2 Nc6 7.O-O e5 8.d5 Ne7 9.Ne1
Ne8 10.Be3 f5 11.f3 f4 12.Bf2 g5 13.Nd3 h5 14.Rc1 Rf7 15.c5 Bf8 16.cxd6 cxd6
17.a4 Rg7 18.Nb5 g4 19.fxg4 hxg4 20.Rc3 f3 21.Bxf3 gxf3 22.Qxf3 Bg4 23.Qe3 a6
24.Na3 Rg6 25.Bh4 Nxd5 26.Qg3 Nxc3 27.Qf2 Ne2+ 28.Kh1 Nf6 29.Bxf6 Qd7 30.Nc4
Qh7 {#R} 0-1

[Event "It"]
[Site "masterchessopen.com Volgograd (Russia)"]
[Round "11"]
[White "Shtyrenkov Veniamen (RUS)"]
[Black "Shubin Alexey (RUS)"]
[Result "1-0"]
[WhiteElo "2460"]
[BlackElo "2255"]

1.d4 Nf6 2.Nf3 g6 3.c4 Bg7 4.Nc3 d6 5.e4 O-O 6.Be2 e5 7.O-O Nc6 8.d5 Ne7 9.Ne1
Ne8 10.g4 f5 11.f3 f4 12.h4 Kf7 13.Bd2 Ng8 14.Ng2 Bf6 15.Be1 Be7 16.Kh2 Ngf6
17.Bf2 h5 18.g5 Nh7 19.Rh1 Qd7 20.Kg1 Rh8 21.Bf1 Ng7 22.Rc1 b6 23.b4 a5 24.a3
axb4 25.axb4 Qd8 26.Rh2 Rf8 27.Kh1 Kg8 28.Ne1 Rf7 29.Ra1 Bb7 30.Nd3 Rf8
31.Rxa8 Qxa8 32.Nb5 Rc8 33.Bh3 {#r} 1-0

[Event "It (a) (cat.3)"]
[Site "masterchessopen.com Budapest (Hungary)"]
[Round "11"]
[White "Petran Pal (HUN)"]
[Black "Kiss Gergely (HUN)"]
[Result "1-0"]
[WhiteElo "2420"]
[BlackElo "2210"]

1.d4 Nf6 2.c4 g6 3.Nc3 Bg7 4.e4 d6 5.Nf3 O-O 6.Be2 e5 7.O-O Nc6 8.d5 Ne7 9.Ne1
Ne8 10.f4 f5 11.fxe5 dxe5 12.Nd3 c6 13.Bg5 h6 14.Bh4 g5 15.Bg3 cxd5 16.cxd5
Ng6 17.exf5 Bxf5 18.Bg4 Nd6 19.Nc5 Qb6 20.Bxf5 Nxf5 21.Bf2 Qd8 22.Ne6 Qd7
23.Nxf8 Rxf8 24.Qa4 Qe7 25.Ne4 b6 26.Rad1 Nf4 27.d6 Qf7 28.Qb3 Ne6 29.g4 {#r}
1-0

[Event "It (active)"]
[Site "masterchessopen.com Oviedo (Spain)"]
[Round "0"]
[White "Neverov Valeriy (UKR)"]
[Black "Roiz Baztan David (ESP)"]
[Result "1-0"]
[WhiteElo "2550"]
[BlackElo "2282"]

1.d4 Nf6 2.c4 g6 3.Nc3 Bg7 4.e4 d6 5.Nf3 O-O 6.Be2 e5 7.O-O Nc6 8.d5 Ne7 9.Ne1
Ne8 10.f3 f5 11.g4 Kh8 12.h4 Ng8 13.g5 f4 14.Kf2 h6 15.Rh1 Rf7 16.Nd3 Bf8
17.Qg1 Be7 18.Bd2 Ng7 19.gxh6 Bxh4+ 20.Kf1 Nh5 21.Qxg6 Ng3+ 22.Kg2 Nxh6
23.Qxh6+ Rh7 24.Rxh4 Rxh6 25.Rxh6+ Kg7 26.Nxf4 exf4 27.Bxf4 Nxe2 28.Nxe2 Bd7
29.Rah1 Be8 30.Nd4 {#r} 1-0

[Event "It (b)"]
[Site "masterchessopen.com Budapest (Hungary)"]
[Round "13"]
[White "Zimmerman Yuri (ISR)"]
[Black "Jurkovic Ante (CRO)"]
[Result "0-1"]
[WhiteElo "2320"]
[BlackElo "2305"]

1.d4 Nf6 2.c4 g6 3.Nc3 Bg7 4.e4 d6 5.Nf3 O-O 6.Be2 e5 7.O-O Nc6 8.d5 Ne7 9.Ne1
Ne8 10.Nd3 f5 11.f4 exf4 12.Nxf4 Nf6 13.exf5 Nxf5 14.g4 Nh4 15.Nb5 Qe7 16.h3
Ne4 17.Qd3 a6 18.Nxc7 Nc5 19.Qg3 g5 20.Nxa8 Bd4+ 21.Kh1 gxf4 22.Bxf4 Qxe2
23.Rae1 Qc2 24.Qxh4 Ne4 25.Bg3 Bf6 26.Rxf6 Rxf6 27.g5 Nxg3+ 28.Qxg3 Rf8 29.Nb6
Bf5 30.Qe3 Qxb2 31.Na4 Qxa2 32.Nc3 Qxc4 33.Rd1 Qh4 {#R} 0-1

[Event "It (b)"]
[Site "masterchessopen.com Esbjerg (Denmark)"]
[Round "7"]
[White "Berg Klaus (DEN)"]
[Black "Nielsen Poul Erik (DEN)"]
[Result "0-1"]
[WhiteElo "2421"]
[BlackElo "2219"]

1.d4 Nf6 2.Nf3 g6 3.c4 Bg7 4.Nc3 O-O 5.e4 d6 6.Be2 e5 7.O-O Nc6 8.d5 Ne7 9.Ne1
Ne8 10.Be3 f5 11.f3 f4 12.Bf2 g5 13.c5 Ng6 14.cxd6 cxd6 15.Rc1 Rf7 16.a4 Nf6
17.Nb5 g4 18.Qc2 g3 19.hxg3 fxg3 20.Bxg3 Bh6 21.Nd3 Nh5 22.Bf2 Ngf4 23.g3 Nh3+
24.Kh2 Nxf2 25.Rxf2 Nxg3 26.Kg1 Be3 27.Bf1 a6 28.Nc7 Bxc1 {#R} 0-1